Statistiques concernant Cinéma : Box office américain les meilleurs films français

Cliquez ici pour prendre le quiz!

Statistiques générales

  • Ce quiz a été pris 127 fois
  • Le résultat moyen est 6 sur 30

Statistiques - réponses

RangAnnéeRéalisateurFilm% Correct
51994Luc BessonLéon
80%
21997Luc BessonLe cinquième élément
63%
281988Luc BessonLe grand bleu
63%
161990Luc BessonNikita
45%
302002Alain ChabatAstérix et Obélix Mission Cléopâtre
44%
32001Jean-Pierre JeunetLe fabuleux destin d'Amélie Poulain
41%
62006Luc BessonArthur et les Minimoys
38%
222002Cédric KlapischL'auberge espagnole
34%
191998
Francis Veber
Le diner de cons
28%
272004
Christophe Barratier
Les choristes
22%
71999Luc BessonJeanne d'Arc
18%
141990Jean-Paul RappeneauCyrano de Bergerac
15%
181987Louis MalleAu revoir les enfants
13%
132004Jean-Pierre JeunetUn long dimanche de fiançailles
13%
12005Luc JacquetLa marche de l'empereur
11%
122000Francis VeberLe placard
10%
82002Christophe GansLe pacte des loups
7%
92003François OzonSwimming pool
7%
151992Régis WargnierIndochine
6%
171987Claude BerriJean de Florette
6%
291988Bruno NuyttenCamille Claudel
5%
232000Dominik MollHarry, un ami qui vous veut du bien
5%
41979Edouard MolinaroLa cage aux folles
5%
211986Claude BerriManon des sources
5%
262005Michael HanekeCaché
4%
252003Alexandre AjaHaute tension
4%
111981Edouard MolinaroLa cage aux folles 2
4%
102003Sylvain ChometLes triplettes de Belleville
4%
241982Daniel VigneLe retour de Martin Guerre
3%
201983Diane KurysCoup de foudre
2%

Distribution des résultats

Percentile par nombre de réponses

% des personnes avec chaque résultat

Votre développement - résultats

Vous n’avez pas pris ce quiz